مكتبة جامعة عجلون الوطنية

فهرس بحث المكتبة

نزار قباني: الأعمال الكاملة (Record no. 5981)

MARC details
000 -LEADER
fixed length control field 00938nam a2200229Ii 4500
003 - CONTROL NUMBER IDENTIFIER
control field JO-AjNU
008 - FIXED-LENGTH DATA ELEMENTS--GENERAL INFORMATION
fixed length control field 230605s9999||||xx |||||||||||||| ||und||
017 ## - COPYRIGHT OR LEGAL DEPOSIT NUMBER
Copyright or legal deposit number 2008/53072
020 ## - INTERNATIONAL STANDARD BOOK NUMBER
International Standard Book Number 977-386-6
040 ## - CATALOGING SOURCE
Original cataloging agency JO-AjNU
Language of cataloging ara
Description conventions rda
Transcribing agency JO-AjNU
041 ## - LANGUAGE CODE
Language code of text/sound track or separate title ara
050 14 - LIBRARY OF CONGRESS CALL NUMBER
Classification number PJ7858.A24.A17 2009
100 3# - MAIN ENTRY--PERSONAL NAME
Personal name قباني، نزار؛ دراسة وتقديم محمود عبد الحميد مصطفى؛ التنفيذ الفني محمد أحمد؛ الإشراف الفني إسلام محسن؛ الإشراف العام علي نور الدين,
Relator term author
9 (RLIN) 11610
245 00 - TITLE STATEMENT
Title نزار قباني: الأعمال الكاملة
250 ## - EDITION STATEMENT
Edition statement ط1
264 31 - PRODUCTION, PUBLICATION, DISTRIBUTION, MANUFACTURE, AND COPYRIGHT NOTICE
Place of production, publication, distribution, manufacture د.م: الدار العالمية للنشر والتوزيع، 2009
300 ## - PHYSICAL DESCRIPTION
Extent 600ص
336 ## - CONTENT TYPE
Content type term text
Content type code txt
Source rdacontent
337 ## - MEDIA TYPE
Media type term unmediated
Media type code n
Source rdamedia
338 ## - CARRIER TYPE
Carrier type term volume
Carrier type code nc
Source rdacarrier
650 #4 - SUBJECT ADDED ENTRY--TOPICAL TERM
Topical term or geographic name entry element الشعر العربي - سوريا - قرن 20
9 (RLIN) 11611
Holdings
Withdrawn status Lost status Source of classification or shelving scheme Damaged status Not for loan Home library Current library Shelving location Date acquired Total Checkouts Full call number Barcode Date last seen Price effective from Koha item type
    Library of Congress Classification     مكتبة جامعة عجلون الوطنية مكتبة جامعة عجلون الوطنية المجموعات العامة 06/06/2023   PJ7858.A24.A17 2009 A2413 06/06/2023 06/06/2023 Books